|
|
|
|
| LEADER |
01797nam a2200457 i 4500 |
| 001 |
EBC1725086 |
| 003 |
MiAaPQ |
| 005 |
20200520144314.0 |
| 006 |
m o d | |
| 007 |
cr cnu|||||||| |
| 008 |
140717t20142014nju o 001 0 eng d |
| 020 |
|
|
|z 9781118877326
|
| 020 |
|
|
|a 9781118877333
|q (electronic bk.)
|
| 035 |
|
|
|a (MiAaPQ)EBC1725086
|
| 035 |
|
|
|a (Au-PeEL)EBL1725086
|
| 035 |
|
|
|a (CaPaEBR)ebr10891169
|
| 035 |
|
|
|a (OCoLC)878953844
|
| 040 |
|
|
|a MiAaPQ
|b eng
|e rda
|e pn
|c MiAaPQ
|d MiAaPQ
|
| 050 |
|
4 |
|a HG353
|b .S35 2014
|
| 082 |
0 |
|
|a 332.4/044
|2 23
|
| 100 |
1 |
|
|a Schlichter, Detlev S.,
|d 1964-
|e author.
|
| 245 |
1 |
0 |
|a Paper money collapse :
|b the folly of elastic money /
|c Detlev S. Schlichter ; foreword by Thomas Mayer.
|
| 250 |
|
|
|a Second edition.
|
| 264 |
|
1 |
|a Hoboken, New Jersey :
|b Wiley,
|c 2014.
|
| 264 |
|
4 |
|c 2014
|
| 300 |
|
|
|a 1 online resource (339 pages)
|
| 336 |
|
|
|a text
|2 rdacontent
|
| 337 |
|
|
|a computer
|2 rdamedia
|
| 338 |
|
|
|a online resource
|2 rdacarrier
|
| 500 |
|
|
|a Includes index.
|
| 588 |
|
|
|a Description based on print version record.
|
| 590 |
|
|
|a Electronic reproduction. Ann Arbor, MI : ProQuest, 2015. Available via World Wide Web. Access may be limited to ProQuest affiliated libraries.
|
| 650 |
|
0 |
|a Paper money.
|
| 650 |
|
0 |
|a Money supply.
|
| 650 |
|
0 |
|a Currency question.
|
| 650 |
|
0 |
|a Credit.
|
| 655 |
|
4 |
|a Electronic books.
|
| 700 |
1 |
|
|a Mayer, Thomas,
|e author of introduction, etc.
|
| 776 |
0 |
8 |
|i Print version:
|a Schlichter, Detlev S., 1964-
|t Paper money collapse : the folly of elastic money.
|b Second edition.
|d Hoboken, New Jersey : Wiley, c2014
|h xviii, 318 pages
|z 9781118877326
|w 2014012694
|
| 797 |
2 |
|
|a ProQuest (Firm)
|
| 856 |
4 |
0 |
|u https://ebookcentral.proquest.com/lib/matrademy/detail.action?docID=1725086
|z Click to View
|